000 01272nam2a22003131 4500
001 v19\rc\2004872
005 20251118181420.6
035 _a(NLR Aleph) 005089981
090 _a7286572
_c7286572
100 _a20080811d1915 u y0rusy50 ca
101 0 _arus
102 _aRU
105 _aa z |||||
200 1 _aВеликие учители закона
_hВып. 1
_iГиллель. Иоханан бен-Заккай. Раби Акиба бен-Иосиф
210 _d1915
215 _a32 с.
_cил.
461 0 _1001v19\rc\2004871
_12001#$aМалый еврейский пантеон$eТ. 1-$vТ. 1. [Ч. 1]
_97286565
_cОдесса
_d1915-1917
_nЖурн. "Колосья"
_oТ. 1-
_tМалый еврейский пантеон
_vТ. 1. [Ч. 1]
702 0 _6z01790
_aГилель
_f110 до н. э.-10 н. э.
_4570
702 0 _aИоханан бен Заккаи
_f25-30 до н. э.-80 н. э.
_4570
702 0 _aАкиба-бен-Иосиф
_f50-132
_4570
790 0 _6z01702
_aГиллель
_f110 до н. э.-10 н. э.
801 0 _aRU
_bNLR
_gpsbo
801 0 _aRU
_bRuMoRGB
_2psbo
801 1 _aRU
_bProSoft-M
_2rusmarc
852 _aNLR
_j37.59.8.88(вып. 1)
899 _aRuMoRGB
_jR 102/157
899 _aRuMoRGB
_j18 1182/
942 _cBOOK
980 _aNB